[Event "Bornholms Sommer A2"]
[Site "Ronne"]
[Date "2011.07.10"]
[Round "5"]
[White "Hansen, Bent Schiott"]
[Black "Christensen, Janus"]
[Result "0-1"]
[WhiteElo "1895"]
[BlackElo "2067"]
[PlyCount "34"]
[EventDate "2011.07.08"]
[EventType "tourn"]
[EventRounds "5"]
[EventCountry "DEN"]
[SourceTitle "EXT 2023"]
[Source "ChessBase"]
[SourceDate "2022.10.05"]
[SourceVersion "1"]
[SourceVersionDate "2022.10.05"]
[SourceQuality "1"]

1. f4 e5 2. fxe5 d6 3. Nf3 Bg4 4. e4 dxe5 5. b3 Nf6 6. d3 Bc5 7. Bb2 Nc6 8. Be2 Qe7 9. Nc3 0-0-0 10. Qd2 Bb4 11. Qe3 Nd4 12. 0-0-0 Qc5 13. Nxd4 exd4 14. Qf4 dxc3 15. Bxg4+ Kb8 16. Ba1 Qa5 17. Qf3 Qxa2 0-1